Applied Statistics (Record no. 23429)
[ view plain ]
| 000 -LEADER | |
|---|---|
| fixed length control field | 00288nam a22001097a 4500 |
| 008 - FIXED-LENGTH DATA ELEMENTS--GENERAL INFORMATION | |
| fixed length control field | 130930b xxu||||| |||| 00| 0 eng d |
| 020 ## - INTERNATIONAL STANDARD BOOK NUMBER | |
| Terms of availability | Available |
| 050 ## - LIBRARY OF CONGRESS CALL NUMBER | |
| Classification number | 519.5WIL |
| Item number | 002556 |
| 082 ## - DEWEY DECIMAL CLASSIFICATION NUMBER | |
| Edition number | 4th Ed |
| 245 ## - TITLE STATEMENT | |
| Title | Applied Statistics |
| Statement of responsibility, etc. | Wasserman William |
| 260 ## - PUBLICATION, DISTRIBUTION, ETC. | |
| Place of publication, distribution, etc. | New Jersey |
| Name of publisher, distributor, etc. | Prentice-Hall |
| Date of publication, distribution, etc. | 1993 |
| Withdrawn status | Lost status | Source of classification or shelving scheme | Materials specified (bound volume or other part) | Damaged status | Not for loan | Permanent Location | Current Location | Shelving location | Date acquired | Total Checkouts | Total Renewals | Barcode | Date last seen | Date last checked out | Price effective from | Koha item type |
|---|---|---|---|---|---|---|---|---|---|---|---|---|---|---|---|---|
| Part 1 | School of Interdisciplinary Engineering and Sciences (SINES) | School of Interdisciplinary Engineering and Sciences (SINES) | 09/30/2013 | 5 | 1 | RCMS002556 | 12/30/2019 | 12/02/2019 | 09/30/2013 | Book | ||||||
| Part -11 | School of Interdisciplinary Engineering and Sciences (SINES) | School of Interdisciplinary Engineering and Sciences (SINES) | 09/30/2013 | 7 | RCMS002555 | 01/28/2020 | 08/29/2019 | 09/30/2013 | Book |
